000 01741cam a22004577a 4500
003 CHAP
005 20220329142814.0
008 040204s2004 mx r 00010 spa d
010 _a88033
011 _a89005
035 _a99554
040 _cCHAP
090 _aTesis
100 0 0 _aVázquez García, María Ignacia Maricela.
_9120363
245 1 0 _aComposta de lodos residuales como sustrato para producción de plántula de jitomate, pimiento morrón y pepino
_c/por María Ignacia Maricela Vázquez García
260 _aChapingo, Méx. :
_bEl autor,
_c2004.
300 _a120 h. ;
_bgráfs. ; cuadros.
502 _aTesis (Ing. en Agroecología) -- UACH. Departamento de Agroecología.
530 _aTambién disponible en línea
590 _aALEPH
_b10
_c20130110
_lUCH01
_h1456
590 _aBATCH-UPD
_b10
_c20130110
_lUCH01
_h0518
590 _aBATCH-UPD
_b10
_c20130410
_lUCH01
_h0157
590 _aBATCH-UPD
_b10
_c20130914
_lUCH01
_h0925
590 _aBATCH-UPD
_b10
_c20140324
_lUCH01
_h1442
590 _aBATCH-UPD
_b10
_c20141002
_lUCH01
_h0820
590 _aCONVERSION
_b10
_c20130109
_lUCH01
_h1349
650 1 4 _aChile pimiento
_xPlántulas.
_922484
650 1 4 _aCompost.
_926105
650 1 4 _aCultivos en invernadero.
_930376
650 1 4 _aCultivos
_xRendimiento.
_930318
650 1 4 _aPepino
_xPlántulas.
_986923
650 1 4 _aSuelos
_xQuímica de.
_9110470
650 1 4 _aSustratos.
_9110789
650 1 4 _aTomate
_xPlántulas.
_9113749
856 _3Finding aid
_uhttp://10.13.5.2/tesis/99554.pdf
_zTeclea aqui
901 _aBK
905 _aElisama
942 _cFOLL
949 _aTesis
_bBC
_cTES
_d33724000908521
_eTS2
_fc.2
_gDonaciØn
_h40282
_i99554
_si
949 _aTesis
_bBC
_cTES
_d99554
_eTS1
_gDonaciØn
_h40281
_i99554
_sb
999 _c88033
_d88033